000 00649nam a2200181Ia 4500
008 090123s9999 xx 000 0 und d
082 _b35266
_a891.463/मेंगजी
100 _aमेंगजी अशोक
245 _aप्रेमवीर कासानोव्हा
250 _a1
260 _bपार्टनर पब्लिकेशन
_c2003
300 _a176
600 _aमेंगजी अशोक
630 _aप्रेमवीर कासानोव्हा
700 _aमेंगजी अशोक
730 _aप्रेमवीर कासानोव्हा
942 _cBOOK
999 _c73331
_d73331